| 000 | 00502pab a2200181 454500 | ||
|---|---|---|---|
| 008 | 180718b2013 xxu||||| |||| 00| 0 eng d | ||
| 100 | _aReddy, B. Shiva | ||
| 245 | _aFinancing elementary education in Andhra Pradesh under Sarva Shiksha Abhiyan | ||
| 260 | _c2013 | ||
| 300 | _ap.169-183. | ||
| 362 | _aApr | ||
| 650 | _aPrimary education - India - Andhra Pradesh | ||
| 650 | _aPrimary education | ||
| 700 | _aReddy, K. Anji | ||
| 773 | _aAsian Economic Review | ||
| 908 | _aN | ||
| 909 | _a99647 | ||
| 999 |
_c99646 _d99646 |
||